000 00611nam a2200265Ia 4500
008 160525s9999||||xx |||||||||||||| ||und||
040 _cEnglish
082 _aXV.G/Barker
082 _bBORI-53272
100 _aSir Ernest Barker
245 _aFather Of The Man
300 _a116
300 _cB
300 _eHardbound
530 _bPatwardhan
530 _u00053272.pdf
563 _aStudy
600 _aSir Ernest Barker
630 _aFather Of The Man
650 _aBiography
650 _aReference
700 _aSir Ernest Barker
730 _aFather Of The Man
942 _cBOOK
999 _c1380264
_d1380261